00365nam a2200133Ia 450000500170000000800410001702000150005808200130007310000150008624500250010126000330012630000190015950000530017820250425051501.0240331s9999 xx 000 0 und d a9552005736 bDESa891 aDe Silva,A 0aIra handa nethi lowa aColombobGodake & Sonsc1991 aviii, 116 p ., aA Love Story Published in Tharuni paper ( Novel)